Electronic green journal

A professional refereed publication devoted to disseminating information concerning sources on international environmental topics including: assessment, conservation, development, disposal, education, hazards, pollution, resources, technology, and treatment.

Detalles Bibliográficos
Título anterior:Green Library journal (Berkeley, Calif. : 1992)
Autores Corporativos: University of Idaho. Library, University of California, Los Angeles. Library
Formato: Electrónico Revista
Lenguaje:inglés
Publicado: Moscow, Idaho : University of Idaho Library, [1994]-
Materias:
Acceso en línea:Full text available from Research Library: 01/01/2000 to present

MARC

LEADER 00000nas a2200000 a 4500
001 ssj0012994
003 WaSeSS
005 20200512172242.0
006 m d
007 cr n
008 940616c19949999caufr pss s0 a0eng c
010 |a sn 94003866  
016 7 |a 2001586-0  |2 DE-600 
022 |a 1076-7975  |l 1076-7975 
035 |a (WaSeSS)ssj0012994 
037 |b University of Idaho Library, Moscow, Idaho 83844-2350  |c Free 
040 |a NSD  |b eng  |c NSD  |d EYM  |d AGL  |d EYM  |d OCL  |d YNT  |d OCL  |d WAU  |d UMC  |d EYM  |d OCLCQ  |d ORU  |d N@F  |d OCLCQ  |d WAU  |d DLC  |d OCLCQ  |d CLU  |d OCLCQ  |d HEBIS  |d GEBAY  |d DEBBG  |d OCLCQ  |d OCLCO  |d OCLCF  |d OCLCO  |d OCLCQ  |d ELW  |d OCLCO  |d OCLCA  |d WT2  |d BUF  |d OCLCQ  |d OCLCO  |d OCLCA  |d U3W  |d OCLCQ  |d TOF  |d OCLCQ  |d AU@  |d OCLCO  |d OCLCA  |d OCLCQ  |d OCLCO  |d RDF  |d OCLCA  |d OCLCQ  |d WaSeSS 
042 |a nsdp  |a pcc 
050 0 0 |a GE30 
070 0 |a GE30.G74 
072 0 |a P000 
082 1 0 |a 025  |2 12 
210 0 |a Electron. green j. 
222 0 |a Electronic green journal 
245 0 0 |a Electronic green journal  |h [electronic resource] /  |c University of Idaho Library. 
246 1 |i List name:  |a EGJ 
260 |a Moscow, Idaho :  |b University of Idaho Library,  |c [1994]- 
310 |a Two issues a year 
362 0 |a Vol. 1, issue 1 (June 1994)- = Issue 1- 
500 |a Title from title screen of WWW version (publisher's Web site, viewed Aug. 12, 2004). 
500 |a Published: Oakland, CA : California Digital Library, 2008- 
506 |a License restrictions may limit access. 
515 |a Vol. numbering dropped with: Issue 6 (Dec. 1996). 
515 |a Beginning with issue 26, issues from some suppliers carry also v. 1 designation (e.g., v. 1, issue 26). 
520 |a A professional refereed publication devoted to disseminating information concerning sources on international environmental topics including: assessment, conservation, development, disposal, education, hazards, pollution, resources, technology, and treatment. 
538 |a Mode of access: All issues available via the World Wide Web; issues 1-8 also available via Internet ftp; announcements and tables of contents available via Internet email subscription. 
550 |a Issued: UCLA Library, 2008- 
588 1 |a Issue 26 (2008) (California Digital Library escholarship Web site, viewed Nov. 4, 2008). 
650 0 |a Environmental sciences  |x Information services  |v Periodicals. 
650 7 |a Environmental sciences  |x Information services.  |2 fast  |0 (OCoLC)fst00913491 
650 7 |a Umweltschutz  |2 gnd 
650 7 |a Zeitschrift  |2 gnd 
650 7 |a Online-Ressource  |2 gnd 
655 0 |a Electronic journals. 
710 2 |a University of Idaho.  |b Library. 
710 2 |a University of California, Los Angeles.  |b Library. 
780 0 0 |t Green Library journal (Berkeley, Calif. : 1992)  |x 1059-0838  |w (DLC) 93642484  |w (OCoLC)24563935 
850 |a DLC  |a MdU 
856 4 0 |z Full text available from Research Library: 01/01/2000 to present  |u https://search.proquest.com/publication/60398